| 000 | 01692nam a22004577a 4500 | ||
|---|---|---|---|
| 001 | 000095511 | ||
| 003 | CHAP | ||
| 005 | 20220329143113.0 | ||
| 008 | 060331d2005 mx r 00110 spa d | ||
| 010 | _a91977 | ||
| 011 | _a92949 | ||
| 035 | _a103516 | ||
| 040 | _cCHAP | ||
| 090 | _aTesis | ||
| 100 | 1 |
_aCruz Durán, Jairo Aarón de la. _929367 |
|
| 245 | 1 | 0 |
_aEfecto del tiempo bajo labranza de conservación sobre algunas características del suelo en el bajío guanajuatense / _c/por Jairo Aarón de la Cruz Durán. |
| 260 |
_aChapingo, Méx. : _bEl autor, _c2005. |
||
| 300 | _a90 h. | ||
| 502 | _aTesis (Ing. Agr. Esp. en Fitotecnia) - - UACH. Departamento de Fitotecnia | ||
| 590 |
_aALEPH _b10 _c20130110 _lUCH01 _h1511 |
||
| 590 |
_aBATCH-UPD _b10 _c20130110 _lUCH01 _h0147 |
||
| 590 |
_aBATCH-UPD _b10 _c20130110 _lUCH01 _h1527 |
||
| 590 |
_aBATCH-UPD _b10 _c20130409 _lUCH01 _h2147 |
||
| 590 |
_aBATCH-UPD _b10 _c20130410 _lUCH01 _h0936 |
||
| 590 |
_aBATCH-UPD _b10 _c20130913 _lUCH01 _h2132 |
||
| 590 |
_aBATCH-UPD _b10 _c20140324 _lUCH01 _h1455 |
||
| 590 |
_aBATCH-UPD _b10 _c20141002 _lUCH01 _h0829 |
||
| 590 |
_aCONVERSION _b10 _c20130109 _lUCH01 _h1351 |
||
| 590 |
_aE12093SGE _b10 _c20130718 _lUCH01 _h1345 |
||
| 650 | 1 | 4 |
_aAgricultura _zGuanajuato. _91927 |
| 650 | 1 | 4 |
_aLabranza de conservación. _964308 |
| 650 | 1 | 4 |
_aSuelos _xFísica de. _9110373 |
| 650 | 1 | 4 |
_aSuelos _xQuímica de. _9110470 |
| 856 |
_3Finding aid _uhttp://10.13.5.2/tesis/103516.pdf _zTeclea aquí |
||
| 901 | _aBK | ||
| 905 | _aLilia | ||
| 942 | _cCD | ||
| 942 | _n0 | ||
| 949 |
_aTesis _bBC _cTES _d00000001035161 _eTS1 _h45025 _i103516 _sb |
||
| 949 |
_aTesis _bBC _cTES _d33724000983938 _eTS2 _fc.2 _h45026 _i103516 _si |
||
| 999 |
_c91977 _d91977 |
||